00729cam a2200229Ia 45000010008000000030006000080050017000140080041000310100013000720150015000850350019001000400033001190410013001520820017001651000022001822450133002042600047003373000024003845000041004085040031004496300019004804861687OCoLC20181211152627.0790416s1967 mou b 000 0 eng  a67018122 aGB67-16736 a(OCoLC)4861687 aDLCcTBCdOCLdUKMdOCLdBSC1 aenghger a226.9bV632P1 aVicedom, Georg F.12aA prayer for the world :bthe Lord's Prayer, a prayer for mission /cGeorg F. Vicedom. Translated by Edward and Marie Schroeder. aSt. Louis :bConcordia Pub. House,cc1967. av, 168 p. ;c21 cm. aTranslation of Gebet für die Welt. aBibliography : p. 167-168.00aLord's prayer.